[Event "Online Olym Div3 B"]
[Site "Chess.com INT"]
[Date "2020.08.08"]
[Round "6.1"]
[White "Abrorova, Sabrina"]
[Black "Espinosa Cancino, Monica"]
[Result "1-0"]
[WhiteElo "1788"]
[BlackElo "1666"]
[PlyCount "49"]
[EventDate "2020.08.07"]
[EventType "team-tourn (rapid)"]
[EventRounds "9"]
[EventCountry "USA"]
[SourceTitle "CBM 198"]
[Source "ChessBase"]
[SourceDate "2020.10.31"]
[SourceVersion "1"]
[SourceVersionDate "2020.10.31"]
[SourceQuality "1"]
[WhiteTeam "Tajikistan"]
[BlackTeam "Scotland"]
[WhiteTeamCountry "TJK"]
[BlackTeamCountry "SCO"]

1. d4 d5 2. c4 c6 3. Nf3 Nf6 4. Nc3 e6 5. Bg5 Nbd7 6. e3 Be7 7. Bd3 0-0 8. cxd5 cxd5 9. 0-0 a6 10. Rc1 b5 11. Nd2 Bb7 12. f4 Re8 13. g4 Qb6 14. Bxf6 Bxf6 15. Nf3 g6 16. h4 Bg7 17. h5 Re7 18. Qe1 Rae8 19. Rc2 e5 20. fxe5 Nxe5 21. Nxe5 Bxe5 22. dxe5 Rxe5 23. Qf2 R8e7 24. hxg6 hxg6 25. Nd1 1-0

[Event "Online Olym Div3 B"]
[Site "Chess.com INT"]
[Date "2020.08.07"]
[Round "2.2"]
[White "Gabatshwarwe, Refilwe"]
[Black "Abrorova, Sabrina"]
[Result "0-1"]
[WhiteElo "1750"]
[BlackElo "1788"]
[PlyCount "100"]
[EventDate "2020.08.07"]
[EventType "team-tourn (rapid)"]
[EventRounds "9"]
[EventCountry "USA"]
[SourceTitle "CBM 198"]
[Source "ChessBase"]
[SourceDate "2020.10.31"]
[SourceVersion "1"]
[SourceVersionDate "2020.10.31"]
[SourceQuality "1"]
[WhiteTeam "Botswana"]
[BlackTeam "Tajikistan"]
[WhiteTeamCountry "BOT"]
[BlackTeamCountry "TJK"]

1. d4 Nf6 2. Bf4 g6 3. e3 Bg7 4. Nf3 0-0 5. h3 d6 6. Be2 Nbd7 7. 0-0 Qe8 8. c3 e5 9. Bh2 Ne4 10. Nbd2 Nxd2 11. Nxd2 f5 12. Nc4 Nb6 13. a4 Be6 14. Nxb6 axb6 15. Bf3 e4 16. Be2 Qf7 17. Qd2 g5 18. f3 exf3 19. Bxf3 Bd5 20. Bxd5 Qxd5 21. Qd3 Qe6 22. d5 Qe4 23. Qxe4 fxe4 24. Rxf8+ Kxf8 25. Kf2 Ra5 26. Ke2 Rxd5 27. Ra3 Ke7 28. Bg3 Ke6 29. Rb3 Ra5 30. Rb4 Kd5 31. Bh2 Be5 32. Bxe5 Kxe5 33. Kf2 d5 34. Kg3 h5 35. h4 g4 36. b3 Rc5 37. c4 d4 38. Kf2 d3 39. g3 Kd6 40. Ke1 Kc6 41. Kd2 Rf5 42. c5 Rf2+ 43. Kd1 bxc5 44. Rxe4 Kd5 45. Rf4 Rg2 46. Rf5+ Ke4 47. Rxh5 Kxe3 48. Re5+ Kd4 49. Rg5 b6 50. Rxg4+ Kc3 0-1

[Event "Olympiad Women-43"]
[Site "Batumi"]
[Date "2018.09.30"]
[Round "6.22"]
[White "Abrorova, Sabrina"]
[Black "De Seroux, Camille"]
[Result "1-0"]
[WhiteElo "1685"]
[BlackElo "2175"]
[PlyCount "99"]
[EventDate "2018.09.24"]
[EventType "team-swiss"]
[EventRounds "11"]
[EventCountry "GEO"]
[SourceTitle "EXT 2020"]
[Source "ChessBase"]
[SourceDate "2019.10.17"]
[SourceVersion "1"]
[SourceVersionDate "2019.10.17"]
[SourceQuality "1"]
[WhiteTeam "Tajikistan (W)"]
[BlackTeam "Switzerland (W)"]
[WhiteTeamCountry "TJK"]
[BlackTeamCountry "SUI"]

1. d4 Nf6 2. Nf3 e6 3. c4 Bb4+ 4. Bd2 Qe7 5. e3 0-0 6. Bxb4 Qxb4+ 7. Qd2 Qxd2+ 8. Nbxd2 d6 9. Bd3 Re8 10. 0-0 e5 11. dxe5 dxe5 12. Ne4 Nbd7 13. Nfd2 b6 14. Nxf6+ Nxf6 15. Ne4 Nd7 16. Nc3 Nc5 17. Bc2 Be6 18. b4 Na6 19. Be4 Rad8 20. b5 Nc5 21. Bd5 f5 22. Rfd1 Kf7 23. Kf1 Rd6 24. Rab1 Red8 25. Ke2 Bxd5 26. Rxd5 Rxd5 27. Nxd5 Ne4 28. Rb3 Nd6 29. Rc3 g5 30. f3 h5 31. Nb4 g4 32. a4 Rg8 33. Kf2 Ke6 34. c5 bxc5 35. Rxc5 Rc8 36. Nc6 e4 37. Nxa7 Rd8 38. Rxc7 h4 39. fxg4 fxg4 40. b6 Nf5 41. b7 g3+ 42. hxg3 Nxg3 43. Ke1 Rb8 44. a5 Kd6 45. Nb5+ Kd5 46. a6 Rf8 47. Rc8 Rf1+ 48. Kd2 Rf2+ 49. Kc3 Ne2+ 50. Kb4 1-0

[Event "Olympiad Women-43"]
[Site "Batumi"]
[Date "2018.09.26"]
[Round "3.46"]
[White "Williams, Margoe"]
[Black "Abrorova, Sabrina"]
[Result "0-1"]
[WhiteElo "1617"]
[BlackElo "1685"]
[PlyCount "102"]
[EventDate "2018.09.24"]
[EventType "team-swiss"]
[EventRounds "11"]
[EventCountry "GEO"]
[SourceTitle "EXT 2020"]
[Source "ChessBase"]
[SourceDate "2019.10.17"]
[SourceVersion "1"]
[SourceVersionDate "2019.10.17"]
[SourceQuality "1"]
[WhiteTeam "Jamaica (W)"]
[BlackTeam "Tajikistan (W)"]
[WhiteTeamCountry "JAM"]
[BlackTeamCountry "TJK"]

1. d4 Nf6 2. Bf4 g6 3. Nc3 Bg7 4. e4 d6 5. Qd2 0-0 6. Nf3 Nbd7 7. 0-0-0 c6 8. Bh6 Qc7 9. h4 b5 10. Bd3 b4 11. Ne2 Bxh6 12. Qxh6 Ng4 13. Qg5 Nxf2 14. h5 Nxh1 15. Rxh1 Re8 16. hxg6 fxg6 17. e5 Nf8 18. Nf4 e6 19. Nxg6 Qg7 20. Nxf8 Qxg5+ 21. Nxg5 Kxf8 22. Rxh7 dxe5 23. dxe5 Rb8 24. Rxa7 Re7 25. Nh7+ Ke8 26. Nf6+ Kd8 27. Ra5 Rg7 28. Be4 Rb5 29. Ra8 Rxe5 30. Bxc6 Rc5 31. Bf3 Rgc7 32. Be4 Ke7 33. Ng4 Rc4 34. Nf2 Bb7 35. Bxb7 Rxc2+ 36. Kd1 Rxf2 37. Bf3 Rxb2 38. Be4 Rd7+ 39. Ke1 Rdd2 40. Bf3 Rxa2 41. Rxa2 Rxa2 42. Kd1 Kf6 43. Kc1 Kf5 44. Bc6 Kf4 45. Kb1 Rf2 46. Bd7 e5 47. g4 e4 48. Ka1 e3 49. Bf5 e2 50. Bb1 e1Q 51. g5 Qc3# 0-1

[Event "Olympiad Women-43"]
[Site "Batumi"]
[Date "2018.09.24"]
[Round "1.3"]
[White "Zhai, Mo"]
[Black "Abrorova, Sabrina"]
[Result "1-0"]
[WhiteElo "2351"]
[BlackElo "1685"]
[PlyCount "57"]
[EventDate "2018.09.24"]
[EventType "team-swiss"]
[EventRounds "11"]
[EventCountry "GEO"]
[SourceTitle "EXT 2020"]
[Source "ChessBase"]
[SourceDate "2019.10.17"]
[SourceVersion "1"]
[SourceVersionDate "2019.10.17"]
[SourceQuality "1"]
[WhiteTeam "China (W)"]
[BlackTeam "Tajikistan (W)"]
[WhiteTeamCountry "CHN"]
[BlackTeamCountry "TJK"]

1. c4 Nf6 2. Nf3 g6 3. g3 Bg7 4. Bg2 0-0 5. 0-0 d6 6. d4 Qe8 7. b3 a5 8. Nc3 Nbd7 9. Bb2 c6 10. h3 d5 11. Ne5 dxc4 12. Nxc4 Qd8 13. e4 Nb6 14. Nxb6 Qxb6 15. Qc2 Rd8 16. Rfd1 Be6 17. Na4 Qa7 18. Nc5 Bd7 19. Rac1 Rac8 20. Kh2 Bh6 21. Rb1 Ne8 22. a4 Nc7 23. Ba3 Bf8 24. b4 Na6 25. bxa5 e6 26. Rxb7 Qa8 27. Rxd7 Rxd7 28. Nxd7 Bxa3 29. Nb6 1-0

[Event "Moscow ACF Botvinnik Memorial U14 Girls"]
[Site "Moscow"]
[Date "2017.11.04"]
[Round "5"]
[White "Abrorova, Sabrina"]
[Black "Mkrtchyan, Mariam"]
[Result "0-1"]
[WhiteElo "1596"]
[BlackElo "1921"]
[PlyCount "74"]
[EventDate "2017.11.02"]
[EventType "tourn"]
[EventRounds "11"]
[EventCountry "RUS"]
[SourceTitle "CBM 181 Extra"]
[Source "ChessBase"]
[SourceDate "2017.12.12"]
[SourceVersion "1"]
[SourceVersionDate "2017.12.12"]
[SourceQuality "1"]

1. d4 d6 2. Nf3 g6 3. c4 Bg7 4. Nc3 Nd7 5. e4 e5 6. Be2 Ne7 7. 0-0 0-0 8. Be3 c6 9. Qc2 f5 10. Ng5 Rf6 11. f4 h6 12. dxe5 dxe5 13. fxe5 Nxe5 14. Rad1 Qa5 15. Nf3 Ng4 16. Bd4 Rf8 17. e5 Nxe5 18. Nxe5 Bxe5 19. Bxe5 Qxe5 20. Bf3 f4 21. Be4 Nf5 22. Bxf5 Bxf5 23. Qb3 b6 24. Rde1 Qc5+ 25. Kh1 Bd3 26. Ne4 Qxc4 27. Qxc4+ Bxc4 28. Rf3 Bd5 29. a3 Kg7 30. Rff1 g5 31. Nc3 Bc4 32. Re7+ Rf7 33. Rfe1 Rd8 34. h3 c5 35. Kh2 Rd2 36. Rxf7+ Kxf7 37. Rb1 f3 0-1

[Event "Moscow ACF Botvinnik Memorial U14 Girls"]
[Site "Moscow"]
[Date "2017.11.03"]
[Round "4"]
[White "Khegay, Yuliya"]
[Black "Abrorova, Sabrina"]
[Result "1/2-1/2"]
[WhiteElo "1703"]
[BlackElo "1596"]
[PlyCount "79"]
[EventDate "2017.11.02"]
[EventType "tourn"]
[EventRounds "11"]
[EventCountry "RUS"]
[SourceTitle "CBM 181 Extra"]
[Source "ChessBase"]
[SourceDate "2017.12.12"]
[SourceVersion "1"]
[SourceVersionDate "2017.12.12"]
[SourceQuality "1"]

1. e4 c5 2. Nf3 d6 3. Bb5+ Bd7 4. Bxd7+ Qxd7 5. 0-0 Nc6 6. c3 Nf6 7. Re1 e6 8. d4 cxd4 9. cxd4 d5 10. e5 Ne4 11. Nbd2 Nxd2 12. Bxd2 Be7 13. a3 0-0 14. Rc1 Rfc8 15. Rc3 b5 16. Rd3 a5 17. h4 h6 18. g4 Qd8 19. g5 hxg5 20. Nxg5 Bxg5 21. Bxg5 Qe8 22. Rg3 Ne7 23. Bf6 Nf5 24. Qg4 Qf8 25. Rg2 Rc4 26. Rd1 Rac8 27. Kh2 Rc1 28. h5 Kh7 29. Bg5 Rxd1 30. Qxd1 Rc4 31. Be3 Qe7 32. Rg4 Nxe3 33. fxe3 f5 34. exf6 Qxf6 35. Rf4 Qg5 36. Kh3 e5 37. dxe5 Qxe5 38. Qd3+ Kg8 39. Rf5 Qe7 40. Rf4 1/2-1/2